La Guerra di Piero, Fabrizio De André - Testo Completo - Statistics

Statistiche generali
  • Questo quiz è stato fatto 86 volte
  • Il punteggio medio è 271 su 373
Statistiche sulle risposte
Testo % Corretto
d'
98%
è
98%
E
98%
e
98%
i
98%
o
98%
un
98%
a
96%
A
96%
l'
94%
Non
94%
non
94%
di
92%
in
92%
In
92%
il
90%
papaveri
90%
se
90%
tu
90%
mille
88%
rossi
88%
sono
88%
campo
87%
Che
87%
che
87%
la
87%
Ma
87%
Piero,
87%
rosa,
87%
ti
87%
tulipano
87%
dei
85%
Dei
85%
grano
85%
ombra
85%
del
83%
fossi
83%
dopo
81%
fan
81%
ne
81%
ora
81%
Sparagli,
81%
sparagli
81%
colpo
79%
Dormi
79%
lo
79%
po'
79%
sepolto
79%
Te
79%
al
77%
ancora
77%
dall'
77%
per
75%
veglia
75%
ci
73%
Ci
73%
chi
71%
Chi
71%
ed
71%
Ed
71%
gli
71%
si
71%
terra
71%
le
69%
tempo
69%
altro
67%
giorno
67%
sangue
67%
uomo
67%
vede
67%
vita
67%
colore
65%
divisa
65%
era
65%
Fino
65%
nel
65%
più
65%
suo
65%
tua
65%
vedrai
65%
all'
63%
argentati
63%
bastato
63%
cadaveri
63%
corrente
63%
dalla
63%
esangue
63%
momento
63%
muore
63%
occhi
63%
quel
63%
sarebbe
63%
soldati
63%
solo
63%
torrente
63%
accorgesti
62%
avrà
62%
braccio
62%
Cadere
62%
Cadesti
62%
chieder
62%
coprire
62%
cortesia
62%
finiva
62%
ha
62%
inverno
62%
lucci
62%
me
62%
mio
62%
ogni
62%
peccato
62%
perdono
62%
Portati
62%
ricambia
62%
ritorno
62%
senza
62%
Soltanto
62%
stato
62%
una
62%
vedere
62%
Vedere
62%
Con
60%
con
60%
cuore
60%
lamento
60%
morire
60%
scendano
60%
spari
60%
vento
60%
volta,
60%
Così
58%
Lungo
58%
paura
58%
stesso
58%
tuo
58%
Voglio
58%
artiglieria
56%
faccia
56%
fronte
56%
giava
56%
inferno
56%
neve
56%
resterà
56%
sponde
56%
alla
54%
bel
54%
come
54%
dicevi
54%
identico
54%
passava
54%
passo
54%
premura
54%
questa
54%
troppo
54%
Troppo
54%
umore
54%
battaglia
52%
croce
52%
fondo
52%
fucile
52%
imbracciata
52%
maggio
52%
mentre
52%
mia,
52%
morti
52%
porti
52%
primavera
52%
sole
52%
valle
52%
Vedesti
52%
voce
52%
altri
50%
aveva
50%
cambio
50%
coraggio
50%
ebbe
50%
Quello
50%
udisti
50%
usi
50%
verso
50%
vuole
50%
adesso
48%
bocca
48%
crepare
48%
deve
48%
diede
48%
sputa
48%
stagioni
48%
tanto
48%
vai
48%
andarci
46%
anima
46%
Dentro
46%
frontiera
46%
Ninetta
46%
addosso
44%
Avrei
44%
dritto
44%
gelate
44%
marciavi
44%
preferito
44%
sciogliersi
44%
spalle
44%
triste
44%
alle
42%
Lascia
42%
mani
42%
parole
42%
sentire
42%
stringevi
42%
varcar
42%
bella,
40%
Fermati,
40%
fermati
40%
stava
40%
passi
38%
arrivasti
37%
Nessun quiz corrispondente trovato
Distribuzione punteggi
Percentuale di utenti per punteggio
Percentile per numero di risposta
I tuoi punteggi nel tempo
Non hai fatto questo quiz